000 01205cam a22003737a 4500
003 CHAP
005 20220817043516.0
008 990209d1996 it a rn 00110 fre d
010 _a76987
011 _a77959
020 _a1020427X
035 _a87734
040 _cCHAP
082 0 4 _a628.1
_bF33f v.9
110 2 _aFAO
245 1 0 _aDrainage des terres irriguées
_c/par H. P. Ritzema, R. A. L. Kselik et de Fernando Chanduvi
260 _aRome :
_bFAO,
_c1996.
300 _a74 p. :
_bilus.
490 0 _aFAO. Manual del agua de riego.
_pManual de campo
_v; 9
590 _aBATCH-UPD
_b10
_c20130110
_lUCH01
_h0459
590 _aBATCH-UPD
_b10
_c20130410
_lUCH01
_h0137
590 _aBATCH-UPD
_b10
_c20130914
_lUCH01
_h0918
590 _aCONVERSION
_b10
_c20130109
_lUCH01
_h1342
650 1 4 _aDrenaje.
_934190
650 1 4 _aIrrigación.
_960366
700 0 _aChanduvi, Fernando.
_921843
700 0 _aKselik, R. A. L.
_964006
700 0 _aRitzema, H. P.
_997540
830 0 _aFAO. Manual del agua de riego.
_pManual de campo
_v; 9
_939618
901 _aBK
905 _aLilia Sánchez G.
942 _cLIBRO
949 _a628.1 F33f v.9
_bBC
_cFAO
_d33724000718524
_eFAO1
_h94614
_i87734
_kDonaciØn
_sb
999 _c76987
_d76987